Miesto agroobchodu SR vo vnútornom trhu EÚ

Priority pri formovaní agroobchodu Slovenska v rokoch 1993-2003 - ovplyvnené negociačným procesom prístupu SR do EÚ. Faktory ovplyvňujúce agroobchod v tomto období. Deficitnosť agroobchodu SR v súvislostiach na zahraničný obchod SR. Teritoriálna orientácia agroobchodu SR. Realita agroobchodu v terit...

ver descrição completa

Na minha lista:
Detalhes bibliográficos
Autor principal: Podolák, Alojz
Formato: Capítulo de Livro
Idioma:eslovaco
Assuntos:
Tags: Adicionar Tag
Sem tags, seja o primeiro a adicionar uma tag!

MARC

LEADER 00000naa$a2200000$$$4500
001 0024230
005 20221128113052.2
041 0 |a slo 
044 |a SK 
245 1 0 |a Miesto agroobchodu SR vo vnútornom trhu EÚ  |c Alojz Podolák 
520 |a Priority pri formovaní agroobchodu Slovenska v rokoch 1993-2003 - ovplyvnené negociačným procesom prístupu SR do EÚ. Faktory ovplyvňujúce agroobchod v tomto období. Deficitnosť agroobchodu SR v súvislostiach na zahraničný obchod SR. Teritoriálna orientácia agroobchodu SR. Realita agroobchodu v teritoriálnej orientácii na EÚ. 
610 2 0 |a poľnohospodárstvo 
610 2 0 |a obchod 
610 2 0 |a obchod zahraničný 
610 2 0 |a trh spoločný 
610 2 0 |a únie colné 
610 2 0 |a spoločnosti obchodné 
610 2 0 |a Slovensko 
610 2 0 |a Európska únia 
100 1 |a Podolák, Alojz